Normal view
MARC view
Entry Personal Name
001 - CONTROL NUMBER
- control field: 17545
003 - CONTROL NUMBER IDENTIFIER
- control field: OSt
005 - DATE AND TIME OF LATEST TRANSACTION
- control field: 20151119135924.0
008 - FIXED-LENGTH DATA ELEMENTS
- fixed length control field: 151119|| aca||aabn | a|a d
040 ## - CATALOGING SOURCE
- Original cataloging agency: OSt
- Transcribing agency: OSt
100 ## - HEADING--PERSONAL NAME
- Personal name: Geeta Chandran,
670 ## - SOURCE DATA FOUND
- Source citation: Work cat.: (OSt)14664: Geeta Chandran,, So Many Journeys By Bharatanatyam Dancer, 2005









